Разработка системы азимутальной коррекции трёхосного гиростабилизатора фотокамеры для проведения ортофотосъёмки; Современные техника и технологии; Т. 1
| Parent link: | Современные техника и технологии: сборник трудов XX международной научно-практической конференции студентов, аспирантов и молодых ученых, Томск, 14-18 апреля 2014 г./ Национальный исследовательский Томский политехнический университет (ТПУ).— , 2014 Т. 1.— 2014.— [С. 125-126] |
|---|---|
| Autore principale: | |
| Ente Autore: | |
| Altri autori: | |
| Riassunto: | Заглавие с титульного экрана |
| Lingua: | russo |
| Pubblicazione: |
2014
|
| Serie: | Приборостроение |
| Soggetti: | |
| Accesso online: | http://earchive.tpu.ru/handle/11683/20985 http://www.lib.tpu.ru/fulltext/c/2014/C01/V1/060.pdf |
| Natura: | Elettronico Capitolo di libro |
| KOHA link: | https://koha.lib.tpu.ru/cgi-bin/koha/opac-detail.pl?biblionumber=606496 |
MARC
| LEADER | 00000naa2a2200000 4500 | ||
|---|---|---|---|
| 001 | 606496 | ||
| 005 | 20251128150032.0 | ||
| 035 | |a (RuTPU)RU\TPU\conf\3875 | ||
| 035 | |a RU\TPU\conf\3874 | ||
| 090 | |a 606496 | ||
| 100 | |a 20140602d2014 k y0rusy50 ca | ||
| 101 | 0 | |a rus | |
| 102 | |a RU | ||
| 105 | |a y z 101zy | ||
| 135 | |a drcn ---uucaa | ||
| 181 | 0 | |a i | |
| 182 | 0 | |a b | |
| 200 | 1 | |a Разработка системы азимутальной коррекции трёхосного гиростабилизатора фотокамеры для проведения ортофотосъёмки |f Нгуен Чонг Иен |g науч. рук. Л. Н. Белянин | |
| 203 | |a Текст |c электронный | ||
| 225 | 1 | |a Приборостроение | |
| 300 | |a Заглавие с титульного экрана | ||
| 320 | |a [Библиогр.: с. 126 (4 назв.)] | ||
| 337 | |a Adobe Reader | ||
| 461 | 1 | |0 (RuTPU)RU\TPU\conf\3687 |t Современные техника и технологии |o сборник трудов XX международной научно-практической конференции студентов, аспирантов и молодых ученых, Томск, 14-18 апреля 2014 г. |o в 3 т. |f Национальный исследовательский Томский политехнический университет (ТПУ) |d 2014 | |
| 463 | 0 | |0 (RuTPU)RU\TPU\conf\3688 |t Т. 1 |v [С. 125-126] |d 2014 | |
| 610 | 1 | |a труды учёных ТПУ | |
| 610 | 1 | |a электронный ресурс | |
| 610 | 1 | |a коррекция | |
| 610 | 1 | |a гиростабилизаторы | |
| 610 | 1 | |a фотокамеры | |
| 610 | 1 | |a ортофотосъёмка | |
| 610 | 1 | |a азимуты | |
| 700 | 0 | |a Нгуен Чонг Иен | |
| 702 | 1 | |a Белянин |b Л. Н. |c доцент Томского политехнического университета, кандидат технических наук |c выпускник ТПИ 1967 г. |c специалист в области точного приборостроения |f 1944- |g Лев Николаевич |4 727 | |
| 712 | 0 | 2 | |a Национальный исследовательский Томский политехнический университет |c (2009- ) |9 26305 |
| 801 | 2 | |a RU |b 63413507 |c 20210310 |g RCR | |
| 856 | 4 | |u http://earchive.tpu.ru/handle/11683/20985 | |
| 856 | 4 | |u http://www.lib.tpu.ru/fulltext/c/2014/C01/V1/060.pdf | |
| 942 | |c BK | ||